| 000 | 00449nam a2200229Ia 4500 | ||
|---|---|---|---|
| 003 | IT-RoPAU | ||
| 008 | 120407s9999 xx 000 0 und d | ||
| 040 | _aIT-RoPAU | ||
| 040 | _cIT-RoPAU | ||
| 041 | _aita | ||
| 100 | _aL. C. Fillion | ||
| 245 | _aSan Pietro | ||
| 250 | _aRoma | ||
| 260 | _aDesclée | ||
| 260 | _c1910 | ||
| 300 | _a197 p. | ||
| 300 | _c18 cm | ||
| 490 | _aI Santi | ||
| 490 | _v138 | ||
| 942 | _cBK | ||
| 999 |
_c28209 _d28209 |
||